000 00309nam a22001337a 4500
008 171003b xxu||||| |||| 00| 0 eng d
020 _a0476689640
041 _aeng
080 _a15939
100 _a48
101 _aPSI
245 _aA NARRATIVE TEXTBOOK PSYCHOANALYSIS
_cGIOVACCHI.P
942 _2udc
_cBK
999 _c31462
_d31462